| 000 -LEADER |
| fixed length control field |
01211pab a2200181 454500 |
| 008 - FIXED-LENGTH DATA ELEMENTS--GENERAL INFORMATION |
| fixed length control field |
180718b2006 xxu||||| |||| 00| 0 eng d |
| 100 ## - MAIN ENTRY--PERSONAL NAME |
| Personal name |
Srivastava, D. K. |
| 245 ## - TITLE STATEMENT |
| Title |
FRBM act and 11th plan approach paper |
| 260 ## - PUBLICATION, DISTRIBUTION, ETC. |
| Date of publication, distribution, etc. |
2006 |
| 300 ## - PHYSICAL DESCRIPTION |
| Extent |
p.4553-559. |
| 362 ## - DATES OF PUBLICATION AND/OR SEQUENTIAL DESIGNATION |
| Dates of publication and/or sequential designation |
4 Nov |
| 520 ## - SUMMARY, ETC. |
| Summary, etc. |
This article argues that the time phasing problem highlighted in the approach paper to the Eleventh Plan is the outocome of specific assumptions used in the projections, which are not always justified. following the fiscal correction path releases resources for the revenue plan through falling interest payments and increases capital expenditure by allowing the permissible fiscal deficit to be fully used for that purpose. It gives the required balance in resources available for revenue plan and capital plan. The profiles of saving and investment make a growth rate of 8.5 to 9 percent achievable with in the plan period. This would be possible by adhering to the fiscal responsibility targets and not by compromising on them. - Reproduced. |
| 650 ## - SUBJECT ADDED ENTRY--TOPICAL TERM |
| Topical term or geographic name entry element |
Eleventh five year plan |
| 650 ## - SUBJECT ADDED ENTRY--TOPICAL TERM |
| Topical term or geographic name entry element |
Economic planning - India |
| 650 ## - SUBJECT ADDED ENTRY--TOPICAL TERM |
| Topical term or geographic name entry element |
Economic planning |
| 773 ## - HOST ITEM ENTRY |
| Main entry heading |
Economic and Political Weekly |
| 909 ## - |
| -- |
72114 |